Регионална библиотека "Любен Каравелов" - Русе

Добри вибрации, добър живот (Запис номер 425293)

MARC детайли
000 -Лидер
Контролно поле с фиксирана дължина 01434nam a2200301 a 4500
003 - Код на организацията, давaща контролен номер
Контролно поле BLK
005 - Дата и час на последна редакция
Контролно поле 20250324133519.0
008 - Елементи от данни с фиксирана дължина
fixed length control field 210726b bul|||||r ||||||| ||bul||
020 ## - Международен стандартен номер на книга ISBN
Международен стандартен номер на книга ISBN 9786190207870
040 ## - Източник на каталожния запис
Идентификатор на билиотеката - собственик на записа BLK
041 ## - Код за език
Код за езика на текст/звукозапис или на отделно заглавие Български
Код за езика КДБФ Български
080 ## - УДК
Текстов определител УДК Развитие на личността. Самосъзнание
УДК код - определител по УДК 159.923.2
УДК - код + определител 159.923.2
100 ## - Редна дума - Автор
Автор Кинг, Векс
Авторска отговорност първи автор
R(LIN) 460714
139 ## - Редно поле
Редна дума Кинг, Векс
Авторски знак Кин - К 54
245 ## - Сведения за заглавието
Заглавие Добри вибрации, добър живот
Редно поле (дума) Как любовта към себе си отключва невероятното в теб
Подзаглавни данни Векс Кинг ; прев. от англ. Константин Цанков
260 ## - Област на издателските данни
9 (RLIN) 209486
Място на издаване, разпространение и проч. София
Име на издателя, разпространителя и проч. Колибри
Година на издаване 2021
Печатница (София : Алианс Принт)
Издателство - префикс ISBN 978-619-02- ; 978-619-150- ; 978-954-150- ; 978-954-529-
300 ## - Физическа характеристика
Страници 230 с.
Размери/Мащаб 20 см
380 ## - Жанр
Жанр Философия
500 ## - Общи забележки
Забележка Ориг. загл.: Good lives, good life / Vex King
650 #0 - Допълнително описание по предмет – тема
9 (RLIN) 243160
Основно описание – тема или топоним Личност - психология
653 #7 - Ключова дума – ненормативна
9 (RLIN) 196049
Ключова дума самоусъвършенстване
700 ## - Други автори (авторска отговорност)
Лично име Цанков, Константин Николаев
Автороска отговорност (Описва отношението между автора и произведението) прев. от англ.
9 (RLIN) 262750
760 1# - Описание на основната серия
Редна дума на основното описание Йонсрюд, Ингар
Място на издаване, издател и година Колибри, 2017
Страници - том 447 с.
Заглавие Кн. 1
852 ## - Местоположение
Фондова буква Заемна - подръчен фонд
Систематично-азбучна сигнатура 821-31/И 81 И
999 ## - СИСТЕМНИ КОНТРОЛНИ НОМЕРА
Koha biblionumber 425293
Koha biblioitemnumber 425293
942 ## - АРТИКУЛИ
Вид на библиотечния материал Книги
Скрит в OPAC Не
Периодичен библиозапис Да
Koha issues (borrowed), all copies 18
944 ## - СЪЗДАВАНЕ И РЕДАКЦИЯ на ЗАПИСА
Създаване/Редакция Създаване
Дата на регистрацията/редакция 2021-07-26
Служител, извършил регистрацията/редакцията 30531
Статус, дата на статуса Цветелина Шанова
999 ## - СИСТЕМНИ КОНТРОЛНИ НОМЕРА
Koha biblioitemnumber 425293
Наличности
Код за отписване Код за изгубен артикул Източник на класификационната схема Код за повреда Коз за рестрикции Код за отдаване Артикулен № Име на библиотеката - собственик Име на библиотеката, в която се намира в момента Статус (Текущо местоположение) Дата на вписване в системата Местоположение - отдел Цена в лева Систематично азбучна сигнатура Баркод Цена в евро Служебен тип на артикула
  Не е изгубен Universal Decimal Classification Не е повреден без рестрикции заемане за дома 844749 Регионална библиотека "Любен Каравелов" Русе Регионална библиотека "Любен Каравелов" Русе Заемна - подръчен фонд 2021-07-26 Заемна - подръчен фонд 11.20 159.923/К 54 В 120000859249 5.73 Книги
  Не е изгубен Universal Decimal Classification Не е повреден само за читалня ползва се в читалня 857904 Регионална библиотека "Любен Каравелов" Русе Регионална библиотека "Любен Каравелов" Русе Хранилище 2021-10-19 Хранилище 16.00 Цб 309371 120000860648 8.18 Книги
Vip Innovations Ltd, Rousse, Bulgaria 2025